Oman : (Record no. 6867)
[ view plain ]
| 000 -LEADER | |
|---|---|
| fixed length control field | 00870nam a2200301 a 4500 |
| 001 - CONTROL NUMBER | |
| JCCL Control Number | 6867 |
| 003 - CONTROL NUMBER IDENTIFIER | |
| JCCL marc code | BD-JhCC |
| 005 - DATE AND TIME OF LATEST TRANSACTION | |
| control field | 20180210180314.0 |
| 008 - FIXED-LENGTH DATA ELEMENTS--GENERAL INFORMATION | |
| fixed length control field | 870715s1987 enkab 000 0 eng d |
| 020 ## - INTERNATIONAL STANDARD BOOK NUMBER | |
| International Standard Book Number | 0813301254 U.S. |
| 020 ## - INTERNATIONAL STANDARD BOOK NUMBER | |
| International Standard Book Number | 070995106X |
| 035 ## - SYSTEM CONTROL NUMBER | |
| system control number | (BD-JhCC)6867 |
| 040 ## - CATALOGING SOURCE | |
| Original cataloging agency | BD-JhCC |
| Modifying agency | BD-JhCC |
| 041 ## - LANGUAGE CODE | |
| Language code of Book | eng |
| 050 #0 - LIBRARY OF CONGRESS CALL NUMBER | |
| Classification number | DS247.O65 |
| 082 ## - DEWEY DECIMAL CLASSIFICATION NUMBER | |
| Classification number | 953.53 |
| DDC Edition number | 19 |
| Author mark and Year | ALL 1987 |
| 100 1# - MAIN ENTRY--PERSONAL NAME | |
| Personal name | Allen, Calvin H. |
| 245 10 - TITLE STATEMENT | |
| Title | Oman : |
| Remainder of title | the modernization of the Sultanate / |
| Statement of responsibility, etc | Calvin H. Allen, Jr |
| 260 ## - PUBLICATION, DISTRIBUTION, ETC. (IMPRINT) | |
| Place of publication, distribution, etc | Boulder, Colo : |
| Name of publisher, distributor, etc | Westview ; |
| Place of publication, distribution, etc | London : |
| Name of publisher, distributor, etc | Croom Helm, |
| Date of publication, distribution, etc | 1987 |
| 300 ## - PHYSICAL DESCRIPTION | |
| Pagination | xiii, 154 p. : |
| Other physical details | ill., maps ; |
| Dimensions | 24 cm |
| 490 1# - SERIES STATEMENT | |
| Series statement | Westview profiles. Nations of the contemporary Middle East |
| 504 ## - BIBLIOGRAPHY, ETC. NOTE | |
| Bibliography, etc | Includes index |
| 650 ## - SUBJECT ADDED ENTRY--TOPICAL TERM | |
| Topical term or geographic name as entry element | Politics and goverment |
| 651 #0 - SUBJECT ADDED ENTRY--GEOGRAPHIC NAME | |
| Geographic name | Oman |
| General subdivision | History |
| 830 #0 - SERIES ADDED ENTRY--UNIFORM TITLE | |
| Uniform title | Westview profiles. |
| 942 ## - ADDED ENTRY ELEMENTS (KOHA) | |
| Source of classification or shelving scheme | Dewey Decimal Classification |
| Koha item type | Books |
| Source of classification or shelving scheme | Damaged status | Not for loan | Home library | Current library | Shelving location | Total Checkouts | Full call number | Barcode | Date last seen | Copy number | Koha item type | Date of accession |
|---|---|---|---|---|---|---|---|---|---|---|---|---|
| Dewey Decimal Classification | JCC Rouf Library | JCC Rouf Library | General Stacks | 953/.53 ALL 1987 | 9458 | 01/31/2018 | C-1 | Books | ||||
| Dewey Decimal Classification | JCC Rouf Library | JCC Rouf Library | General Stacks | 953.53 ALL 1987 | 10025 | 02/12/2018 | C-2 | Books | 02/12/2018 |